00663nam a2200241Ia 4500008004100000020001800041050001800059050001400077100002500091245002200116245002900138245002500167260001700192260002100209260000900230300001600239300002000255300001100275500004100286650002200327650005000349650002200399160418s9999 xx 000 0 und d a971-584-496-0 aFIL PL 5548.4 b.M36 2006 aMangahas, Rogelio G. aGagamba sa uhay : bkalipunan ng mga haiku / cRogelio G. Mangahas. aQuezon City: bC & E Pub. Inc., c2006 a183 pages : billustrations ; c19 cm. aIncludes bibliographical references. aFilipino poetry.  aHaiku, Filipino -- Translations into English. xHaiku, Filipino.